| 000 | 00506nam a22001697a 4500 | ||
|---|---|---|---|
| 999 |
_c8740 _d8740 |
||
| 008 | 201211b ||||| |||| 00| 0 eng d | ||
| 040 | _aBMS College of Architecture | ||
| 100 | _aM A, Reshma | ||
| 245 | _aCentre for performing Arts | ||
| 300 | _a30p. | ||
| 500 | _a1BM11AT051 | ||
| 502 |
_8B,Arch _NBMS College of Architecture, Visvesvaraya Technological University (VTU) _aProject report _d2015 |
||
| 650 | _aArts | ||
| 700 |
_aRiju C Thomas _eGuide |
||
| 700 |
_aP S Mamatha _eGuide |
||
| 942 |
_2ddc _cTHE |
||